Hundimientos (Record no. 24382)

MARC details
000 -LEADER
campo de control de longitud fija 00720nam a2200217 i 4500
001 - NÚMERO DE CONTROL
campo de control 24382
003 - IDENTIFICADOR DE NÚMERO DE CONTROL
campo de control ES-MaACL
005 - FECHA Y HORA DE LA ÚLTIMA TRANSACCIÓN
campo de control 20250822063114.0
007 - CAMPO FIJO DE DESCRIPCIÓN FÍSICA--INFORMACIÓN GENERAL
campo de control de longitud fija t|
008 - DATOS DE LONGITUD FIJA--INFORMACIÓN GENERAL
campo de control de longitud fija 021217s1931 sp ||||1| spa d
100 1# - ENTRADA PRINCIPAL--NOMBRE DE PERSONA
Nombre de persona Anasagasti, Teodoro de,
Fechas asociadas al nombre 1880-1938
9 (RLIN) 21375
245 10 - MENCIÓN DEL TÍTULO
Título Hundimientos
Resto del título : grandes estafas de la construcción /
Mención de responsabilidad, etc. Teodoro de Anasagasti.
260 ## - PUBLICACIÓN, DISTRIBUCIÓN, ETC.
Lugar de publicación, distribución, etc. Madrid :
Nombre del editor, distribuidor, etc. M. Aguilar,
Fecha de publicación, distribución, etc. 1931.
300 ## - DESCRIPCIÓN FÍSICA
Extensión 249 p. ;
Dimensiones 24 cm.
530 ## - NOTA DISPONIBLE DE FORMULARIO FÍSICO ADICIONAL
Nota de formato físico adicional disponible Disponible en formato digital.
650 #4 - PUNTO DE ACCESO ADICIONAL DE MATERIA--TÉRMINO DE MATERIA
Término de materia o nombre geográfico como elemento de entrada Construcción-
Subdivisión general Fallos.
9 (RLIN) 144228
852 4# - LOCALIZACIÓN
Ubicación ES-MaACL
Número de control de estantería A-1893
Ubicación en estantería Sala Pecera Planta 1
856 4# - LOCALIZACIÓN Y ACCESO ELECTRÓNICOS
Identificador Uniforme de Recursos <a href="http://bdh-rd.bne.es/viewer.vm?id=0000247405&page=1 ">http://bdh-rd.bne.es/viewer.vm?id=0000247405&page=1 </a>
Texto de enlace Biblioteca Digital Hispánica
942 ## - ELEMENTOS DE ENTRADA SECUNDARIOS (KOHA)
Fuente del sistema de clasificación o colocación Clasificación decimal universal
Holdings
Estatus retirado Estado de pérdida Estado de daño No para préstamo Colección Biblioteca de origen Biblioteca actual Ubicación en estantería Fecha de adquisición Fuente de adquisición Total de préstamos Signatura topográfica completa Código de barras Visto por última vez Precio de reemplazo Tipo de ítem Koha
        Colección digital Biblioteca del Ateneo de Madrid Biblioteca del Ateneo de Madrid Sala Pecera Planta 1 17/01/2008     A-1893 1025140 23/02/2023 23/02/2023 Libro impreso